Note sur la valorisation des pailles par les ruminants (notice nᵒ 13375)
[ vue normale ]
| 000 -LEADER | |
|---|---|
| fixed length control field | 00413nam a2200169Ia 4500 |
| 008 - FIXED-LENGTH DATA ELEMENTS--GENERAL INFORMATION | |
| fixed length control field | 160105s9999 xx 000 0 und d |
| 041 ## - LANGUAGE CODE | |
| Language code of text/sound track or separate title | fre |
| 100 ## - MAIN ENTRY--PERSONAL NAME | |
| Personal name | KERBAA, A.E.K. |
| 245 ## - TITLE STATEMENT | |
| Title | Note sur la valorisation des pailles par les ruminants |
| 260 ## - PUBLICATION, DISTRIBUTION, ETC. | |
| Place of publication, distribution, etc | Alger |
| 260 ## - PUBLICATION, DISTRIBUTION, ETC. | |
| Date of publication, distribution, etc | 1975 |
| 300 ## - PHYSICAL DESCRIPTION | |
| Other physical details | tabl. |
| 654 ## - SUBJECT ADDED ENTRY--FACETED TOPICAL TERM | |
| General subdivision | ALIMENTATION/RUMINANT/PAILLE |
| 942 ## - ADDED ENTRY ELEMENTS (KOHA) | |
| Koha item type | Article |
| 994 ## - | |
| -- | 113588 |
Pas d'exemplaire disponible.